|
|
|
|
| LEADER |
00000nam a2200000 a 4500 |
| 001 |
vtls001350298 |
| 003 |
SK-MaSNL |
| 005 |
20260302033754.0 |
| 008 |
240318s1961 xx 0 und |
| 020 |
|
|
|a 623
|c 981207
|
| 035 |
|
|
|a SNK000303629
|
| 040 |
|
|
|a SNK
|b slo
|c SNK
|e AACR2
|
| 100 |
1 |
|
|a Kiškin, Lev Sergejevič,
|d 1918-2000
|4 aut
|9 196482
|
| 245 |
1 |
0 |
|a Patriotičeskaja lirika Gvezdoslava
|
| 260 |
|
|
|a Moskva
|b Akademia Nauk SSSR
|c 1961
|
| 300 |
|
|
|a 623
|c 981207
|
| 919 |
|
|
|a 623
|
| 999 |
|
|
|c 1063264
|d 1065194
|
| 952 |
|
|
|t P60, <03>, [BOOK], {603}
|a SNK
|b SNK
|y PREZ
|7 0
|p 17A0172916
|o snkSC 20791
|0 0
|1 0
|4 0
|d 1998-12-07
|l 0
|r 2025-08-13 00:00:00
|w 2026-02-24
|